00934nam a2200229Ia 4500003000900000008004100009020003100050022002200081022002300103040001600126100003000142245011300172260003100285300001000316490002800326700002400354700002100378856010800399942000700507999001700514952017300531IN-BaIIA211028s9999 xx s 000 0 eng d a978-2-7598-0752-9 (Online) a1633-4760 (Print) a1638-1963 (Online) cIIA Library aFaurobert, M., ed.938223 0a4th French-Chinese Meeting on Solar Physics - Understanding Solar Activity: Advances and Challengesh[eBook] aFrancebEDP Sciencesc2012 a395p. aEAS Publications Series aCorbard, T. 938224 aFang, C. 938225 uhttps://www.eas-journal.org/articles/eas/abs/2012/03/contents/contents.htmlyClick Here to Access eBook cEB c20649d20649 00104070aBANbBANd2013-01-01eEDP ScienceshV. 55l0pEB109r2021-11-05uhttps://www.eas-journal.org/articles/eas/abs/2012/03/contents/contents.htmlw2021-11-05yEB